000 004510000a22001810004500
003 MACL
005 20150708122413.0
008 150708b xxu||||| |||| 00| 0 eng d
040 _aMACL
_cMACL
041 _aEnglish
082 _a320/CHA
100 _aChandrakala
_91377
245 _aLiberty And Social Transformation
260 _bHeritage Publishers
_c1992
_aNew Delhi
350 _a195
650 _aPolitical Science
_988
942 _cBK
_k320
_2ddc
999 _c4888
_d4888